[Event "SVK-ch U08"]
[Site "Stara Lubovna"]
[Date "2022.05.23"]
[Round "4"]
[White "Ostrozlik, Filip"]
[Black "Kovalsky, Filip"]
[Result "1-0"]
[WhiteElo "1000"]
[BlackElo "1000"]
[PlyCount "63"]
[EventDate "2022.05.21"]
[EventType "swiss"]
[EventRounds "9"]
[EventCountry "SVK"]
[SourceTitle "CBM 208 Extra"]
[Source "ChessBase"]
[SourceDate "2022.07.31"]
[SourceVersion "1"]
[SourceVersionDate "2022.07.31"]
[SourceQuality "1"]

1. e4 e5 2. Nf3 Nc6 3. Bc4 Bc5 4. d3 d6 5. Ng5 Nf6 6. Nxf7 Qe7 7. Nxh8 Bb4+ 8. c3 Ba5 9. Bf7+ Kd7 10. Bg5 d5 11. exd5 Nb4 12. Be6+ Kd6 13. cxb4 Bxb4+ 14. Nc3 Bxc3+ 15. bxc3 h6 16. Ng6 hxg5 17. Nxe7 Bxe6 18. dxe6 Kxe6 19. Ng6 Nd5 20. Qg4+ Kf6 21. Qe4 Nxc3 22. Qxb7 Rf8 23. Qb4 Kxg6 24. Qxf8 Nd5 25. Qd8 Nf4 26. g3 Ng2+ 27. Kf1 e4 28. Kxg2 exd3 29. Qxd3+ Kh5 30. h4 gxh4 31. Rxh4+ Kg5 32. f4+ 1-0